| 000 | 01066nam a2200301 i 4500 | ||
|---|---|---|---|
| 001 | 184370 | ||
| 003 | ES-MaACL | ||
| 005 | 20231030183230.0 | ||
| 008 | 150727s1993 sp a |||| | spa d | ||
| 020 | _a84-7509-967-X | ||
| 080 | _a613.83(091):29 | ||
| 080 | _a930.85 | ||
| 100 | 1 |
_aMcKenna, Terence. _9157155 |
|
| 245 | 1 | 3 |
_aEl manjar de los dioses / _cTerence McKenna ; [traducción de Fernando Pardo Gella]. |
| 246 | 3 |
_iSubt. _aLa búsqueda del árbol de la ciencia del bien y del mal _b. Una historia de las plantas, las drogas y la evolución humana |
|
| 250 | _a1ª ed. | ||
| 260 |
_aBarcelona : _bPaidós Ibérica, _c1993. |
||
| 300 |
_a340 p. : _bil. ; _c24 cm. |
||
| 490 | 1 |
_aPaidós contextos ; _v16 |
|
| 500 | _aÍndice. | ||
| 500 | _aGlosario. | ||
| 504 | _aBibliografía: p. [319]-328. | ||
| 650 | 0 | 7 |
_aDrogas- _xConsumo- _vHistoria. _911982 |
| 650 | 0 | 4 |
_aCivilización- _xHistoria _911082 |
| 830 | 0 |
_aPaidós contextos ; _v16 _9179772 |
|
| 852 |
_aES-MaACL _jL-30123 _z.- Donat. Miguel A. Velasco |
||
| 999 |
_c184370 _d184370 |
||